Annual operating cost of digital public spaces
Význam verejných digitálnych priestorov a otázka ich udržateľnosti. Klastrová analýza operačných nákladov.
Gespeichert in:
| 1. Verfasser: | |
|---|---|
| Format: | Buchkapitel |
| Sprache: | Englisch |
| Schlagworte: | |
| Tags: |
Keine Tags, Fügen Sie das erste Tag hinzu!
|
MARC
| LEADER | 00000naa a2200000 4500 | ||
|---|---|---|---|
| 001 | 0213279 | ||
| 005 | 20240502073542.8 | ||
| 041 | 0 | |a eng | |
| 044 | |a SK | ||
| 245 | 1 | 0 | |a Annual operating cost of digital public spaces |c Matej Hudák |
| 520 | |a Význam verejných digitálnych priestorov a otázka ich udržateľnosti. Klastrová analýza operačných nákladov. | ||
| 610 | 2 | 0 | |a služby digitálne |
| 610 | 2 | 0 | |a analýza zhluková |
| 610 | 2 | 0 | |a náklady prevádzkové |
| 100 | 1 | |a Hudák, Matej, 1984- | |